书目信息 |
| 书名: | From patient to payment | |
| 作者: | Cynthia Newby. | |
| 分册号: | ||
| 分册名: | 出版地: | New York : |
|
| 出版社: | Glencoe/McGraw-Hill | |
| 出版时间: | 2005. | |
| 页数: | x, 294 p. : | |
| 开本: | 28 cm. + | |
| 丛书名: | ||
| 中图分类号: | ||
| 科图分类号: | ||
| 其他分类号: | R-01 | |
| 主题词: | ||
| 电子资源: | http://www.loc.gov/catdir/description/mh031/2001033788.html http://www.loc.gov/catdir/toc/fy02/2001033788.html | |
| 000 | 02305cam a22003854a 450 | |
| 001 | E0731488847 | |
| 005 | 20071218091211.18 | |
| 008 | 010511s2005 a 001 0 eng | |
| 010 | @a2001033788 | |
| 020 | @a0-07-301467-2. | |
| 020 | @a0-07-301972-0. | |
| 040 | @aDLC@bchi@cDLC@dDLC | |
| 042 | @apcc | |
| 050 | 00 | @aR728.5@b.C64 2002 |
| 082 | 00 | @a610/.68/1@2 21 |
| 090 | @aR-01 | |
| 099 | @dR-01@ex78=4 | |
| 100 | 1 | @aNewby, Cynthia. |
| 245 | 10 | @aFrom patient to payment :@binsurance procedures for the medical office / @cCynthia Newby. |
| 246 | 18 | @aFrom patient to payment |
| 250 | @a4th ed. | |
| 260 | @aNew York :@bGlencoe/McGraw-Hill,@c2005. | |
| 300 | @ax, 294 p. :@bill. (some col.) ;@c28 cm. +@e1 floppy disk (3 1/2 in.). | |
| 500 | @aIncludes index. | |
| 500 | @aPrevious ed. cataloged under title: From patient to payment. | |
| 505 | 8 | @aMachine generated contents note: CHAPTER 1 FROM PATIENT TO PAYMENT -- CHAPTER 2 LEGAL CONSIDERATIONS -- CHAPTER 3 DIAGNOSTIC CODING -- CHAPTER 4 PROCEDURAL CODING -- CHAPTER 5 THE HCFA-1500 FORM -- CHAPTER 6 ELECTRONIC CLAIMS -- CHAPTER 7 REIMBURSEMENT: -- MANAGED CARE AND INDEMNITY PLAN -- CHAPTER 8 BLUE CROSS AND BLUE SHIELD -- CHAPTER 9 MEDICAID -- CHAPTER 10 MEDICARE -- CHAPTER 11 TRICARE and CHAMPVA -- CHAPTER 12 WORKERS’COMPENSATION -- CHAPTER 13 DISABILITY -- CHAPTER 14 DENTAL INSURANCE -- CHAPTER 15 HOSPITAL INSURANCE -- CHAPTER 16 REIMBURSEMENT FOLLOW-UP -- AND COLLECTIONS -- CHAPTER 17 COMPUTERS AND THE BILLING CYCLE -- CHAPTER 18 HCFA FORM SIMULATIONS -- Part I: Manual Simulations -- Part II: Computerized Simulations. |
| 650 | 0 | @aMedical fees. |
| 650 | 0 | @aMedical offices@xManagement. |
| 650 | 0 | @aInsurance, Health. |
| 730 | 0 | @aFrom patient to payment. |
| 856 | 42 | @3 Publisher description@uhttp://www.loc.gov/catdir/description/mh031/2001033788.html |
| 856 | 41 | @3 Table of contents@uhttp://www.loc.gov/catdir/toc/fy02/2001033788.html |
| 906 | @a7@bcbc@corignew@d1@eocip@f20@gy-gencatlg | |
| 925 | 0 | @aacquire@b1 shelf copy@xpolicy default |
| 955 | @ato ASCD pc05 05-11-01; hold for pub. question jc14 05-11-01; jc14 05-14-01; jc15 05-15-01; jc03 to Dewey 05-16-01; aa11 05-17-01@aps15 2002-05-08 bk rec’d, to CIP ver.@fyb40 2002-05-10@eyb40 2002-05-10 to BCCD; rev. yb07 2002-05-13 | |
| From patient to payment : : insurance procedures for the medical office / / Cynthia Newby.-4th ed.-New York : : Glencoe/McGraw-Hill, , 2005. |
| x, 294 p. : : ill. (some col.) ; ; 28 cm. + + 1 floppy disk (3 1/2 in.). |
| Includes index.-Previous ed. cataloged under title: From patient to payment.-Machine generated contents note: CHAPTER 1 FROM PATIENT TO PAYMENT -- CHAPTER 2 LEGAL CONSIDERATIONS -- CHAPTER 3 DIAGNOSTIC CODING -- CHAPTER 4 PROCEDURAL CODING -- CHAPTER 5 THE HCFA-1500 FORM -- CHAPTER 6 ELECTRONIC CLAIMS -- CHAPTER 7 REIMBURSEMENT: -- MANAGED CARE AND INDEMNITY PLAN -- CHAPTER 8 BLUE CROSS AND BLUE SHIELD -- CHAPTER 9 MEDICAID -- CHAPTER 10 MEDICARE -- CHAPTER 11 TRICARE and CHAMPVA -- CHAPTER 12 WORKERS’COMPENSATION -- CHAPTER 13 DISABILITY -- CHAPTER 14 DENTAL INSURANCE -- CHAPTER 15 HOSPITAL INSURANCE -- CHAPTER 16 REIMBURSEMENT FOLLOW-UP -- AND COLLECTIONS -- CHAPTER 17 COMPUTERS AND THE BILLING CYCLE -- CHAPTER 18 HCFA FORM SIMULATIONS -- Part I: Manual Simulations -- Part II: Computerized Simulations. |
| ISBN 0-07-301467-2. |
| ● |
| 相关链接 |
|
|
|
|
正题名:From patient to payment
索取号:R-01/x78=4
 
预约/预借
| 序号 | 登录号 | 条形码 | 馆藏地/架位号 | 状态 | 备注 |
| 1 | 11492 | 300114926 | 第四借阅区/ [索取号:R-01/x78=4] | 在馆 | |
| 2 | 12467 | 300124675 | 第二样本阅览室/ [索取号:R-01/x78=4] | 在馆 | |
| 3 | 12468 | 300124684 | 第四借阅区/ [索取号:R-01/x78=4] | 在馆 | |
| 4 | 12469 | 300124693 | 第四借阅区/ [索取号:R-01/x78=4] | 在馆 | |
| 5 | 12470 | 300124700 | 第四借阅区/ [索取号:R-01/x78=4] | 在馆 | |
| 6 | 12471 | 300124719 | 第四借阅区/ [索取号:R-01/x78=4] | 在馆 | |
| 7 | 12472 | 300124728 | 第四借阅区/ [索取号:R-01/x78=4] | 在馆 | |
| 8 | 12473 | 300124737 | 第四借阅区/ [索取号:R-01/x78=4] | 在馆 | |
| 9 | 12474 | 300124746 | 第四借阅区/ [索取号:R-01/x78=4] | 在馆 |